Представление документа в формате MARC21

Поле Инд. ПП Название Значение
Тип записи a
Библиографический уровень m
001 Контрольный номер b029bed4-00df-4dc6-b306-e5c5e7445949
005 Дата корректировки 20190919131847.8
008 Кодируемые данные 010904
020 a ISBN 5-88018-217-7
c Цена, тираж 39.00
040 a Служба первич. каталог. НБ ТвГУ
041 0_ a Код языка текста rus
080 a Индекс УДК 882.09
a Индекс УДК 929Грибоедов
a Индекс УДК 929Пушкин
084 a Индекс другой классификации/Индекс ББК Ш5(2=411.2)51-4Грибоедов А.С.
a Индекс другой классификации/Индекс ББК Ш5(2=411.2)51-4Пушкин А.С.
090 x Авторский знак Г82
a Полочн. индекс Ш5(2=411.2)
245 10 a Заглавие Грибоедов и Пушкин.
n Номер части/ раздела Вып. 2
b Продолж. заглавия Хмелитский сборник [науч. работ, сост. по материалам междунар. конф., посвящ. 200-летию со дня рождения А. С. Пушкина]
c Ответственность Пушкин. комис. РАН, Гос. музей-заповедник "Хмелита"; [Редкол.: С. А. Фомичев (отв. ред.) и др.]
260 0_ a Место издания Смоленск
b Издательство Смоленский гос. пед. ун-т
c Дата издания 2000
300 a Объем 314,[2] с.
b Иллюстрации/ тип воспроизводства ил., портр.
504 a Библиография Указ. имен: с 307-313.
583 a Действие Получено впервые 489 04.09.2001
k Исполнитель действия Дар Строганова М.В.
650 04 a Основная рубрика Грибоедов, Александр Сергеевич, о нем
650 04 a Основная рубрика Пушкин, Александр Сергеевич, о нем
650 04 a Основная рубрика Русская литература
x Основная подрубрика История
y Хронологическая подрубрика 19 в.
653 0_ a Ключевые слова Грибоедов Александр Сергеевич
a Ключевые слова Пушкин Александр Сергеевич
a Ключевые слова Русская литература
a Ключевые слова Писатели
a Ключевые слова Русские писатели
a Ключевые слова Поэты
a Ключевые слова Русские поэты
a Ключевые слова Персоналии
700 1_ a Другие авторы Фомичев С. А.
e Роль лиц отв. ред.
700 1_ a Другие авторы Кулаков В. Е.
e Роль лиц ред.
700 1_ a Другие авторы Кошелев В. А.
e Роль лиц ред.
852 41 t Порядковый номер экземпляра 1
p Инвентарный номер 736223
888 a Бесплатные
901 t Тип документа m
930 a Новая/Ретро персоналии
952 p 489.2001 39.00 1 736223
c Вид литературы К рн
954 a Дата поступления на обработку 20010907
999 a Подразделение 2 ч.з.